书目信息 |
| 题名: |
定向运动教学与训练
|
|
| 作者: | 刘玉江 主编 | |
| 分册: | ||
| 出版信息: | 成都 西南交通大学出版社 2015.01 |
|
| 页数: | 271页 | |
| 开本: | 24cm | |
| 丛书名: | ||
| 单 册: | ||
| 中图分类: | G826.2 | |
| 科图分类: | ||
| 主题词: | 定向运动--体育教学 , 定向运动--运动训练 | |
| 电子资源: | ||
| ISBN: | 978-7-5643-3531-1 | |
| 000 | 00987nam0 2200277 450 | |
| 001 | 007632240 | |
| 005 | 20170502101703.15 | |
| 010 | @a978-7-5643-3531-1@dCNY36.00 | |
| 100 | @a20150127d2015 em y0chiy50 ea | |
| 101 | 0 | @achi |
| 102 | @aCN@b510000 | |
| 105 | @aak z 000yy | |
| 106 | @ar | |
| 200 | 1 | @a定向运动教学与训练@9ding xiang yun dong jiao xue yu xun lian@f刘玉江主编 |
| 205 | @a2版 | |
| 210 | @a成都@c西南交通大学出版社@d2015.01 | |
| 215 | @a271页@c图,照片@d24cm | |
| 300 | @a湖南省高校优秀教材 湖南人文科技学院教材建设资金资助 湖南省教育科学“十一五”规划2006年度立项课题成果 | |
| 330 | @a本书分为定向运动基本知识、定向运动教学、定向运动训练与竞赛3个部分,介绍了定向运动概述、定向地图与指北针、定向运动术语等内容。 | |
| 333 | @a高校体育教育工作者 | |
| 606 | 0 | @a定向运动@x体育教学 |
| 606 | 0 | @a定向运动@x运动训练 |
| 690 | @aG826.2@v5 | |
| 701 | 0 | @a刘玉江@9liu yu jiang@f(1964-)@4主编 |
| 801 | 0 | @aCN@bNLC@c20150320 |
| 905 | @b989516-19@dG826.2@e126=2@f4 | |
| 定向运动教学与训练/刘玉江主编.-2版.-成都:西南交通大学出版社,2015.01 |
| 271页:图,照片;24cm |
| 湖南省高校优秀教材 湖南人文科技学院教材建设资金资助 湖南省教育科学“十一五”规划2006年度立项课题成果.-使用对象:高校体育教育工作者 |
| ISBN 978-7-5643-3531-1:CNY36.00 |
| 本书分为定向运动基本知识、定向运动教学、定向运动训练与竞赛3个部分,介绍了定向运动概述、定向地图与指北针、定向运动术语等内容。 |
| ● |
| 相关链接 |
|
|
|
|
正题名:定向运动教学与训练
索取号:G826.2/126=2
 
预约/预借
| 序号 | 登录号 | 条形码 | 馆藏地/架位号 | 状态 | 备注 |
| 1 | 989516 | 209895167 | 第一样本阅览室/ [索取号:G826.2/126=2] | 在馆 | |
| 2 | 989517 | 209895176 | 第四借阅区/ [索取号:G826.2/126=2] | 在馆 | |
| 3 | 989518 | 209895185 | 第四借阅区/ [索取号:G826.2/126=2] | 在馆 | |
| 4 | 989519 | 209895194 | 密集书库-体育系/ [索取号:G826.2/126=2] | 在馆 |